Holiday memories in cross stitch & needlepoint

Bibliographic Details
Main Author: Timms, Chris
Format: Book
Published: London : Tiger Books International , 1993
Subjects:

MARC

LEADER 00000cam a2200000 7i4500
001 0000015951
005 20080417.0
008 080417
020 |a 1855015870 
090 0 0 |a 746.44041   |b TIM 
100 1 |a Timms, Chris 
245 1 0 |a Holiday memories in cross stitch & needlepoint   |c Chris Timms 
260 |a London :   |b Tiger Books International ,   |c 1993 
650 0 |a Embroidery, Patterns 
650 0 |a Flight   |x Popular works 
740 0 |a Holiday memories in cross stitch and needlepoint 
999 |a 0000819226   |b Book   |c REFERENCE   |e Cawangan Segamat 
999 |a 0000819227   |b Book   |c REFERENCE   |e Cawangan Segamat 
999 |a 0000820415   |b Book   |c REFERENCE   |e Cawangan Segamat 
999 |a 0000821671   |b Book   |c Adult Collection   |e Cawangan Tmn. Ungku Tun Aminah 
999 |a 0000821674   |b Book   |c Adult Collection   |e Cawangan Muar 
999 |a 0001013739   |b Book   |c REFERENCE   |e Perbadanan Perpustakaan Awam Johor 
999 |a 0001013740   |b Book   |c Adult Collection   |e Cawangan Urban Transformation Centre